000 01416nam a2200241Ia 4500
999 _c41865
_d41865
001 8548
003 GE_BSU
005 20250217105737.0
008 181216s2013||||ge |||||||||||||| ||geo||
020 _a9789941181573
040 _cGE_BSU
041 _ageo
080 _a321.7(4) ე-35
245 _aევროპული დემოკრატიები:
_bნაციონალური პოლიტიკური სისტემების შედარებითი მიდგომა /
_cჟან-მიშელ დე ვაელისა და პოლ მანიეტის რედ.; ფრანგ. თარგმანი ნ. ცქიტიშვილი ; სამეცნ. რედ. მალხაზ მაცაბერიძე.
264 _aთბილისი :
_bილიას სახელმწ. უნ-ტი,
_c2013.
300 _a340 გვ.:
_bტაბ.;
_c27 სმ.
653 _aევროპული დემოკრატია
700 _aდე ვაელი, ჟან-მიშელ
_eრედაქტორი
_924376
700 _aმანიეტი, პოლ
_eრედაქტორი
_924377
700 _aმაცაბერიძე, მალხაზ
_eრედაქტორი
_924378
700 _aცქიტიშვილი, ნ.
_eმთარგმნელი
_910197
942 _cBK
_2udc